| 000 | 01021nam a22003137a 4500 | ||
|---|---|---|---|
| 003 | CHAP | ||
| 005 | 20220817042448.0 | ||
| 008 | 971013s1971 r 00010 d | ||
| 010 | _a45495 | ||
| 011 | _a46467 | ||
| 035 | _a50608 | ||
| 040 | _cCHAP | ||
| 082 |
_a634.9285 _bF36Y 1971 |
||
| 110 | _aFAO | ||
| 245 | _aPlanificación de un inventario forestal | ||
| 260 |
_aRoma : _bFAO, _c1971 |
||
| 300 | _a135 p. | ||
| 490 |
_aFAO. Estudios de silvicultura y productos forestales _v; 17 |
||
| 590 |
_aBATCH-UPD _b10 _c20130110 _lUCH01 _h0217 |
||
| 590 |
_aBATCH-UPD _b10 _c20130110 _lUCH01 _h1743 |
||
| 590 |
_aCONVERSION _b10 _c20130109 _lUCH01 _h1325 |
||
| 650 | 1 | 4 |
_aBosques _xInventarios. _914240 |
| 700 | 0 |
_aHusch, Bertram. _957000 |
|
| 830 | 0 |
_aFAO. Estudios de silvicultura y productos forestales _v; 17 _939550 |
|
| 901 | _aBK | ||
| 942 | _cLIBRO | ||
| 949 |
_a634.9285 F36Y 1971 _bBC _cFAO _d-113661 _eFAO1 _h48472 _i50608 _si |
||
| 949 |
_a634.9285 F36Y 1971 _bBC _cFAO _d-113663 _eFAO2 _fc.2 _gI.130584 _h67873 _i50608 _si |
||
| 999 |
_c45495 _d45495 |
||